000 00624nam a2200229Ia 4500
003 OSt
005 20220923230134.0
006 a|||||r|||| 00| 0
007 ta
008 Pun
024 _a277,702
037 _cTextual
040 _aARTS
_cARTS
_bPun
041 _2Pun
_aPun
082 _aO153,3N28:g, K0
100 _aਸੇਠੀ, ਸੁਰਜੀਤ ਸਿੰਘ
245 0 _aਇਕ ॥ਾਲੀ ਪਿਆਲਾ
260 _c1960
650 _aਪੰਜਾਬੀ ਸਾਹਿਤ
942 _hO153,3N28:g, K0
_cTEXL
_2CC
999 _c382754
_d382754